00426nam a2200157Ia 45000010006000000050017000060080041000230410008000640820017000721000031000892450095001202600009002153000028002246500008002526540008002602086920260306172837.0260306t2016||||xx |||||||||||||| ||spa|| aESP a343.8bLL728 aLlanto Armijo, FreddyeAUT 0aNIC 12 impuesto a la renta:bteoría explicada en la práctica (enfoque latinoamericano) c2016 a222 páginas :c21 cm. aGEN aCCO